000
00276nam a22001097a 4500
008
160418b xxu||||| |||| 00| 0 eng d
020
_a
0323036643
041
_a
eng
080
_a
618.2
245
_a
Nursing Diagnosis Handbook:
_c
Betty J. Ackley; Gail B.Ladwig;
942
_2
udc
_c
BK
999
_c
1423
_d
1423